Informe que rinde el C. General Brigadier Gobernador de San Luis Potosí de las labores llevadas a cabo por un gobierno / (Record no. 30148)

MARC details
000 -LEADER
campo de control de longitud fija 00478nam a2200145 i 4500
001 - NÚMERO DE CONTROL
campo de control 30148
003 - IDENTIFICADOR DE NÚMERO DE CONTROL
campo de control ES-MaACL
005 - FECHA Y HORA DE LA ÚLTIMA TRANSACCIÓN
campo de control 20230906154139.0
007 - CAMPO FIJO DE DESCRIPCIÓN FÍSICA--INFORMACIÓN GENERAL
campo de control de longitud fija t|
008 - DATOS DE LONGITUD FIJA--INFORMACIÓN GENERAL
campo de control de longitud fija 030123s1917 mx ||||1| spa d
100 1# - ENTRADA PRINCIPAL--NOMBRE DE PERSONA
Nombre de persona Barragán, Juan.
9 (RLIN) 25825
245 10 - MENCIÓN DEL TÍTULO
Título Informe que rinde el C. General Brigadier Gobernador de San Luis Potosí de las labores llevadas a cabo por un gobierno /
Mención de responsabilidad, etc. Juan Barragán.
260 ## - PUBLICACIÓN, DISTRIBUCIÓN, ETC.
Lugar de publicación, distribución, etc. San Luis de Potosí :
Nombre del editor, distribuidor, etc. [s.n.,
Fecha de publicación, distribución, etc. 1917]
852 ## - LOCALIZACIÓN
Ubicación ES-MaACL
Número de control de estantería 1561-F-17
Holdings
Estatus retirado Estado de pérdida Estado de daño No para préstamo Colección Biblioteca de origen Biblioteca actual Ubicación en estantería Fecha de adquisición Fuente de adquisición Total de préstamos Signatura topográfica completa Código de barras Visto por última vez Precio de reemplazo Tipo de ítem Koha
        Colección de folletos Biblioteca del Ateneo de Madrid Biblioteca del Ateneo de Madrid Depósito folletos 17/01/2008     1561-F-17 1031125 23/02/2023 23/02/2023 Folleto